Practical Linux Forensics (Record no. 12160)

MARC details
000 -LEADER
fixed length control field 00367nam a22001577a 4500
003 - CONTROL NUMBER IDENTIFIER
control field OSt
008 - FIXED-LENGTH DATA ELEMENTS--GENERAL INFORMATION
fixed length control field 240112b |||||||| |||| 00| 0 eng d
020 ## - INTERNATIONAL STANDARD BOOK NUMBER
International Standard Book Number 9781718501966
082 ## - DEWEY DECIMAL CLASSIFICATION NUMBER
Classification number 332.25968 NIP
100 ## - MAIN ENTRY--PERSONAL NAME
Personal name NIKKEL,Bruce
245 ## - TITLE STATEMENT
Title Practical Linux Forensics
250 ## - EDITION STATEMENT
Edition statement 2nd printing
260 ## - PUBLICATION, DISTRIBUTION, ETC. (IMPRINT)
Name of publisher, distributor, etc No Starch Press
Date of publication, distribution, etc 2022
300 ## - PHYSICAL DESCRIPTION
Extent 368
942 ## - ADDED ENTRY ELEMENTS (KOHA)
Source of classification or shelving scheme Dewey Decimal Classification
Koha item type Reference Books
Holdings
Withdrawn status Lost status Source of classification or shelving scheme Damaged status Not for loan Collection code Home library Current library Date acquired Source of acquisition Currency Cost, normal purchase price Bill Number Total Checkouts Full call number Acc. no. / Barcode Date last seen Actual Cost, discounted price Bill Date Koha item type
    Dewey Decimal Classification     Computer Science & Engineering in Cyber Security PIET C-LIBRARY PIET C-LIBRARY 29/12/2023 Zafaa Books and Distributors In rupees 5195.13 ZBD0308   332.259 NIP 35276 12/01/2024 5195.13 29/12/2023 Reference Books

Design & Developed by: PIET Central Library
R70 Miles Stone Pattikalyana Samalkha Panipat 132102
mail ID :- [email protected], Phone No:- 0180-2569700 Ex.216